书目信息 |
| 题名: |
真核生物转录调控
|
|
| 作者: | 斯梅尔 , 彼得森 , 凯里 著 ;王进科 主译 | |
| 分册: | ||
| 出版信息: | 北京 科学出版社 2012 |
|
| 页数: | 23,691页 | |
| 开本: | 26cm | |
| 丛书名: | 生命科学实验指南系列 | |
| 单 册: | ||
| 中图分类: | Q756 | |
| 科图分类: | ||
| 主题词: | 转录(分子生物学) , 真核生物 , 调节基因 , 真核生物--调节基因--转录(分子生物学) | |
| 电子资源: | ||
| ISBN: | 978-7-03-034615-5 | |
| 000 | 01742oam2 2200349 45 | |
| 001 | 1354547264 | |
| 005 | 20130510094556.76 | |
| 010 | @a978-7-03-034615-5@dCNY180.00 | |
| 100 | @a20130108d2012 em y0chiy50 ea | |
| 101 | 1 | @achi@ceng |
| 102 | @aCN@b110000 | |
| 105 | @aa z 001yy | |
| 106 | @ar | |
| 200 | 1 | @a真核生物转录调控@AZhen He Sheng Wu Zhuan Lu Diao Kong@e概念、策略与技术@EGai Nian、 Ce Lue Yu Ji Shu@dTranscriptional regulation in eukaryotes@econcepts, strategies, and techniques@f(美)M.F. 凯里,(美)C.L. 彼得森,(美)S.T. 斯梅尔著@F( Mei )M.F. Kai Li, ( Mei )C.L. Bi De Sen, ( Mei )S.T. Si Mei Er Zhu@g王进科主译@zeng |
| 210 | @a北京@c科学出版社@d2012 | |
| 215 | @a23,691页@c图@d26cm | |
| 225 | 2 | @a生命科学实验指南系列 |
| 305 | @a据原书第2版译出 | |
| 330 | @a本书介绍了真核基因转录调控的概念,以及进行研究所使用的策略和技术。涉及内容包括哺乳动物细胞转录调控入门知识、基因转录调控的两个重要角色——DNA元件和蛋白质组分的鉴定及功能表征,以及两者间复杂的相互作用构成的基因转录调控的重要事件和这些事件发生的染色质环境。本书概括了真核基因转录调控的基本概念、实施转录调控研究的基本策略,以及实现研究目标的重要技术。 | |
| 461 | 0 | @12001 @a生命科学实验指南系列 |
| 510 | 1 | @aTranscriptional regulation in eukaryotes@econcepts, strategies, and techniques@zeng |
| 606 | 0 | @a转录(分子生物学) |
| 606 | 0 | @a真核生物 |
| 606 | 0 | @a调节基因 |
| 606 | 0 | @a真核生物@x调节基因@x转录(分子生物学) |
| 690 | @aQ756@v5 | |
| 701 | 0 | @g(美)@a斯梅尔@ASi Mei Er@g(Smale, Stephen T.)@4著 |
| 701 | 0 | @g(美)@a彼得森@ABi De Sen@g(Peterson, Carey L.)@4著 |
| 701 | 0 | @g(美)@a凯里@AKai Li@g(Carey, Michael F.)@4著 |
| 702 | 0 | @a王进科@AWang Jin Ke@4主译 |
| 801 | @aCN@bTANGWEI@c20130111 | |
| 905 | @b0830800-02@dQ756@e159@f3 | |
| 真核生物转录调控:概念、策略与技术=Transcriptional regulation in eukaryotes:concepts, strategies, and techniques/(美)M.F. 凯里,(美)C.L. 彼得森,(美)S.T. 斯梅尔著/王进科主译.-北京:科学出版社,2012 |
| 23,691页:图;26cm.-(生命科学实验指南系列) |
| ISBN 978-7-03-034615-5:CNY180.00 |
| 本书介绍了真核基因转录调控的概念,以及进行研究所使用的策略和技术。涉及内容包括哺乳动物细胞转录调控入门知识、基因转录调控的两个重要角色——DNA元件和蛋白质组分的鉴定及功能表征,以及两者间复杂的相互作用构成的基因转录调控的重要事件和这些事件发生的染色质环境。本书概括了真核基因转录调控的基本概念、实施转录调控研究的基本策略,以及实现研究目标的重要技术。 |
| ● |
| 相关链接 |
|
|
|
|
正题名:真核生物转录调控
索取号:Q756/159
 
预约/预借
| 序号 | 登录号 | 条形码 | 馆藏地/架位号 | 状态 | 备注 |
| 1 | 0830800 | 208308008 | 第二样本阅览室/ [索取号:Q756/159] | 在馆 | |
| 2 | 0830801 | 208308017 | 第三借阅区/ [索取号:Q756/159] | 在馆 | |
| 3 | 0830802 | 208308026 | 第三借阅区/ [索取号:Q756/159] | 在馆 |